| 000 | 00525pab a2200181 454500 | ||
|---|---|---|---|
| 008 | 180718b1983 xxu||||| |||| 00| 0 eng d | ||
| 100 | _aWettenhall, R.L. | ||
| 245 | _aNew thinking about public corporations in Australia: The accountability/autonomy debate revisited | ||
| 260 | _c1983 | ||
| 300 | _ap.669-681. | ||
| 362 | _aJul-Sep | ||
| 650 | _aAccountability | ||
| 650 | _aPublic sector - Australia | ||
| 650 | _aPublic sector | ||
| 773 | _aIndian Journal of Public Administration | ||
| 908 | _aN | ||
| 909 | _a87943 | ||
| 999 |
_c87943 _d87943 |
||